000 00793nam a22001817a 4500
999 _c11189
_d11189
003 AR-CdUCM
008 190403b ||||| |||| 00| 0 spa d
040 _aMUNICIPALIDAD PROVINCIAL DEL CUSCO
_cBIBLIOTECA MUNICIPAL DEL CUSCO
082 _a347.989 /
_bT11 / 1946
100 _aTaboada, Antonio A.
_928417
245 _aCuestiones de derecho comercial /
260 _aBuenos Aires :
_bAtalaya,
_c1946.
300 _a346 páginas ;
_c23 cm.
505 _aContenido: Deficiencias y anacronismos de nuestra legislación comercial -- El problema de la autonomía del derecho mercantil -- Registro publico de comercio y matricula de los comerciantes -- El contrato del trabajo en la legislación comercial vigente ...
650 _aDerecho comercial
_95195
942 _2ddc
_cLIBROS
945 _aacv